01502nam a2200277 i 4500003000900000005001700009007000300026008004100029020001800070040003000088041000800118082001900126100003100145245010900176250002200285264005700307300004200364336002700406337003300433338002800466500004800494520055500542700003701097700004501134700004501179DO-SdBNP20250819114021.0ta250819t2025 dr a b 000 0 spa d z9789945292404 aDO-SdBNPbspacBNPHUerda aspa axxxxbC5142221 aCheco, Paolaeautora4aut.10aCoco el mapache /cPaola Checo, Christian Molina ; ilustraciones, Fernando Parreño, Mariela González aPrimera edición 4aSanto Domingo :b[editora no identificada],c©2025. a[38] páginasbilustracionesc21 cm. atextobtxt2rdacontent asin mediaciónbn2rdamedia avolumenbnc2rdacarrier aLibro en pasta dura y páginas satinadas.  aEste cuento combina hechos de la vida real con elementos ficticios para transmitir un mensaje absolutamente cierto: que cuando valoras la amistad, practicas la solidaridad y enfrentas los retos con valentía puedes lograrlo todo. Algonquin es un lugar real. Christian estuvo allá, conoció a Coco y este realmente se robó sus chocolates. El resto de la historia surgió del deseo de dos padres de compartir un cuento para leer antes dormir con sus hijos que fuera entretenido, pero que al mismo tiempo reforzara los valores en los que creemos.1 aMolina , Christian eautor4aut.1 aParreño, Fernando eilustraciones4il.1 aGonzález, Mariela eilustraciones4il.